[Event "15th European Individual Women's Chess "]
[Site "Plovdiv, Bulgaria"]
[Date "2014.07.06"]
[Round "1.13"]
[White "Paehtz, Elisabeth"]
[Black "Belenkaya, Dina"]
[Result "1-0"]
[WhiteElo "2456"]
[BlackElo "2223"]
[PlyCount "129"]
[EventDate "2014.07.06"]

1. e4 c6 2. d4 d5 3. e5 c5 4. Nf3 Bg4 5. dxc5 Nc6 6. Bb5 Qa5+ 7. Nc3 e6 8. Bd2
Qc7 9. b4 Bxf3 10. Qxf3 Qxe5+ 11. Qe2 Qxe2+ 12. Nxe2 a5 13. Nd4 Kd7 14. c3 Be7
15. bxa5 Bxc5 16. a6 Nge7 17. axb7 Ra7 18. a4 Rxb7 19. Nb3 Ba7 20. c4 d4 21.
Na5 Rbb8 22. Bf4 Ra8 23. Rb1 Bb8 24. Bd2 Kc7 25. Nb3 Ba7 26. O-O e5 27. Rfe1 f5
28. f3 Kd6 29. Nc1 Bb8 30. Nd3 Bc7 31. Re2 Ke6 32. Rbe1 Kf6 33. h4 h6 34. Bf4
exf4 35. Re6+ Kf7 36. Bxc6 Nxc6 37. Rxc6 Rhc8 38. Rb1 Bd8 39. Rb7+ Kg8 40. Rxc8
Rxc8 41. c5 g5 42. Rd7 Kf8 43. Rxd4 Ke8 44. Rd6 Ra8 45. Rxh6 Rxa4 46. hxg5 Bxg5
47. Rh5 Bf6 48. Rxf5 Bd4+ 49. Kh2 Be3 50. Re5+ Kd7 51. Re4 Ra8 52. Nxf4 Rh8+
53. Nh3 Bxc5 54. g4 Be7 55. Kg2 Rg8 56. Kg3 Ke8 57. g5 Kf7 58. Kg4 Ra8 59. Nf4
Bd8 60. g6+ Kg7 61. Re8 Kf6 62. Re6+ Kg7 63. Nh5+ Kf8 64. g7+ Kf7 65. Re8 1-0

[Event "15th European Individual Women's Chess "]
[Site "Plovdiv, Bulgaria"]
[Date "2014.07.06"]
[Round "1.19"]
[White "Kashlinskaya, Alina"]
[Black "Isgandarova, Khayala"]
[Result "1/2-1/2"]
[WhiteElo "2441"]
[BlackElo "2184"]
[PlyCount "1"]
[EventDate "2014.07.06"]

1. Na3 (1. e4 c6 2. Nc3 d5 3. Nf3 dxe4 4. Nxe4 Nf6 5. Nxf6+ gxf6 6. d4 Bg4 7.
Be2 Nd7 8. O-O Qc7 9. Nh4 Bxe2 10. Qxe2 e6 11. Qh5 Bd6 12. Kh1 Nb6 13. a4 O-O-O
14. a5 Nd5 15. c4 Nf4 16. Bxf4 Bxf4 17. Nf3 Qe7 18. b4 Kb8 19. b5 cxb5 20. Qxb5
a6 21. Qb3 Ka8 22. Rfb1 Rhg8 23. Ra4 Qd7 24. Rb4 Rb8 25. Ne1 Bd2 26. Ra4 Bxe1
27. Rxe1 Qxd4 28. Kg1 Rgd8 29. Rb4 Qd3 30. Rb1 Qxb3 31. R4xb3 Rd4 32. Rh3 Rh8
33. Rh6 f5 34. Rc1 Kb8 35. Kf1 Kc7 36. Rc3 Kc6 37. Rch3 Rxc4 38. Rxh7 Rd8 39.
Rxf7 Rc2 40. g4 fxg4 41. Re3 Rd1+ 42. Kg2 Rcc1 43. Kg3 Rg1+ 44. Kh4 Rc4 45.
Rxe6+ Kd5 46. Rh6 g3+ 47. Kh3 gxh2 48. Kxh2 Rcg4 49. Rxb7 R4g2+ 50. Kh3 Rg5 51.
Kh2 R1g2+ 52. Kh3 Rg1 53. Kh2 R1g2+) 1/2-1/2

[Event "15th European Individual Women's Chess "]
[Site "Plovdiv, Bulgaria"]
[Date "2014.07.07"]
[Round "2.45"]
[White "Dragomirescu, Angela"]
[Black "Ivanova, Simoneta"]
[Result "1-0"]
[WhiteElo "2251"]
[BlackElo "2038"]
[PlyCount "91"]
[EventDate "2014.07.06"]

1. d4 Nf6 2. c4 e6 3. Nc3 Bb4 4. e3 c5 5. Nge2 cxd4 6. exd4 O-O 7. a3 Be7 8.
Nf4 d6 9. Be2 e5 10. Nfd5 Nc6 11. Nxe7+ Qxe7 12. Be3 exd4 13. Bxd4 Ne4 14. Nd5
Qg5 15. O-O Bh3 16. Bf3 Nxd4 17. Bxe4 Nc6 18. f4 Qg4 19. Qd3 f5 20. Bf3 Qg6 21.
Nc7 Rac8 22. Bd5+ Kh8 23. Ne6 Rf6 24. Qxh3 Rxe6 25. Bxe6 Qxe6 26. Qd3 Qf6 27.
Rad1 Rd8 28. b4 Ne7 29. Rfe1 h6 30. Qe3 Ng6 31. g3 Kh7 32. Qd3 Qf7 33. Qd5 Qf6
34. Re6 Qf8 35. Qxb7 a5 36. Qd5 axb4 37. axb4 Ra8 38. Qxd6 Qf7 39. b5 Nf8 40.
Re7 Qh5 41. Qd4 Qg4 42. Ra1 Rxa1+ 43. Qxa1 Qg6 44. c5 Ne6 45. Qa6 Qf6 46. Qxe6
1-0

[Event "15th European Individual Women's Chess "]
[Site "Plovdiv, Bulgaria"]
[Date "2014.07.10"]
[Round "5.5"]
[White "Girya, Olga"]
[Black "Skripchenko, Almira"]
[Result "1-0"]
[WhiteElo "2493"]
[BlackElo "2449"]
[PlyCount "139"]
[EventDate "2014.07.06"]

1. d4 Nf6 2. c4 e6 3. Nc3 Bb4 4. e3 O-O 5. Nge2 Re8 6. a3 Bf8 7. Ng3 d5 8. Be2
b6 9. cxd5 exd5 10. b4 c5 11. bxc5 bxc5 12. dxc5 Ba6 13. O-O Bxc5 14. Bb5 Bxb5
15. Nxb5 Nbd7 16. Bb2 Rb8 17. Bxf6 Nxf6 18. Nd4 Qd7 19. h3 Rec8 20. Qd3 Qa4 21.
Rfd1 Bf8 22. Nge2 Rc4 23. Nf4 g6 24. Qe2 Rc3 25. Qf3 Rxa3 26. Rac1 Bg7 27. Nxd5
Nxd5 28. Qxd5 Bxd4 29. Rxd4 Qa5 30. Qd6 Rf8 31. Rd5 Qa4 32. Qf6 Qe8 33. Rc7 Qe6
34. Qxe6 Ra1+ 35. Kh2 fxe6 36. Rdd7 Rxf2 37. Rg7+ Kf8 38. Rxh7 Kg8 39. Rcg7+
Kf8 40. Rb7 Kg8 41. Rhg7+ Kf8 42. Rxg6 Rf7 43. Rb4 Ke7 44. Rc4 Ra5 45. Rc6 Re5
46. Ra6 Rxe3 47. Rxa7+ Kf8 48. Ra6 Ke7 49. Rg3 Rxg3 50. Kxg3 Kf6 51. Kf4 Rb7
52. Ra4 Rb2 53. g3 Rh2 54. h4 Rh1 55. Kg4 Kg6 56. Re4 Kf6 57. h5 Ra1 58. Rf4+
Kg7 59. Kh4 Re1 60. g4 Re2 61. Ra4 Kf6 62. Rf4+ Kg7 63. Rf1 Re5 64. Ra1 Re4 65.
Ra7+ Kf6 66. h6 Kg6 67. h7 Re1 68. h8=N+ Kf6 69. Rf7+ Ke5 70. Ng6+ 1-0

[Event "15th European Individual Women's Chess "]
[Site "Plovdiv, Bulgaria"]
[Date "2014.07.10"]
[Round "5.18"]
[White "Nikolova, Adriana"]
[Black "Daulyte, Deimante"]
[Result "1-0"]
[WhiteElo "2303"]
[BlackElo "2405"]
[PlyCount "63"]
[EventDate "2014.07.06"]

1. e4 e5 2. Nf3 Nc6 3. Bb5 a6 4. Ba4 Nge7 5. Nc3 d6 6. h3 Bd7 7. a3 h6 8. d4
Nxd4 9. Bxd7+ Qxd7 10. Nxd4 exd4 11. Qxd4 Nc6 12. Qd3 g6 13. Nd5 Bg7 14. Bd2
O-O 15. Bxh6 f5 16. Qb3 Kh7 17. Bxg7 Qxg7 18. exf5 Rae8+ 19. Ne3 Nd4 20. Qd3
Nxf5 21. O-O-O Nxe3 22. fxe3 Qh6 23. Rde1 Re5 24. h4 Rfe8 25. Rh3 Re4 26. Kb1
Qg7 27. h5 g5 28. Rf3 R8e7 29. Ref1 b5 30. Rf7 Rxf7 31. Qxe4+ Kg8 32. Qe6 1-0

[Event "15th European Individual Women's Chess "]
[Site "Plovdiv, Bulgaria"]
[Date "2014.07.10"]
[Round "5.32"]
[White "Pavlidou, Ekaterini"]
[Black "Ozturk, Kubra"]
[Result "0-1"]
[WhiteElo "2209"]
[BlackElo "2311"]
[PlyCount "82"]
[EventDate "2014.07.06"]

1. d4 Nf6 2. c4 e6 3. Nc3 Bb4 4. e3 d5 5. Bd3 O-O 6. Nge2 b6 7. cxd5 exd5 8.
O-O Bb7 9. a3 Bd6 10. Ng3 Re8 11. Bd2 Nbd7 12. Rc1 a6 13. Bb1 Ne4 14. Ncxe4
dxe4 15. Nf5 Bf8 16. Ba2 Nf6 17. Bb4 Bxb4 18. axb4 Qd7 19. Ng3 Bd5 20. Bb1 c6
21. Rc3 b5 22. f3 exf3 23. gxf3 a5 24. bxa5 b4 25. Rc5 Rxe3 26. Nf5 Re6 27. Qd2
Qc7 28. Kh1 g6 29. Qh6 Nh5 30. Ne3 Qd8 31. Nxd5 cxd5 32. f4 Qh4 33. Qg5 Qh3 34.
Qg2 Ng3+ 35. Kg1 Qxg2+ 36. Kxg2 Nxf1 37. Kxf1 Rea6 38. Rxd5 Rxa5 39. Rxa5 Rxa5
40. Ke2 Ra1 41. Be4 Ra2 0-1

[Event "15th European Individual Women's Chess "]
[Site "Plovdiv, Bulgaria"]
[Date "2014.07.11"]
[Round "6.31"]
[White "Vasilevich, Irina"]
[Black "Mirzoeva, Elmira"]
[Result "1-0"]
[WhiteElo "2328"]
[BlackElo "2241"]
[PlyCount "85"]
[EventDate "2014.07.06"]

1. e4 c6 2. d4 d5 3. Nd2 dxe4 4. Nxe4 Bf5 5. Ng3 Bg6 6. Nh3 e6 7. Nf4 Bd6 8. c3
Nf6 9. h4 Bxf4 10. Bxf4 h6 11. h5 Bh7 12. Bd3 Bxd3 13. Qxd3 O-O 14. O-O-O Qa5
15. Kb1 Nbd7 16. Bd6 Rfd8 17. f4 Ng4 18. Qe2 Ndf6 19. Ba3 Qb5 20. c4 Qa4 21.
Rh4 b5 22. Rxg4 Nxg4 23. Qxg4 Qxc4 24. f5 Qd5 25. Be7 Kh8 26. f6 Rg8 27. fxg7+
Rxg7 28. Bf6 Rag8 29. Qf4 Kh7 30. Bxg7 Rxg7 31. Ne4 Qf5 32. Qxf5+ exf5 33. Nf6+
Kh8 34. d5 cxd5 35. Rxd5 Rg5 36. Rxb5 Kg7 37. Ne8+ Kf8 38. Nd6 Rxh5 39. Rxf5
Rh1+ 40. Kc2 Ke7 41. Nxf7 Rh2 42. Rf2 h5 43. Ne5 1-0

[Event "15th European Individual Women's Chess "]
[Site "Plovdiv, Bulgaria"]
[Date "2014.07.12"]
[Round "7.16"]
[White "Bodnaruk, Anastasia"]
[Black "Vasilevich, Irina"]
[Result "0-1"]
[WhiteElo "2429"]
[BlackElo "2328"]
[PlyCount "82"]
[EventDate "2014.07.06"]

1. e4 e5 2. Bc4 Nf6 3. d3 c6 4. Bb3 d5 5. exd5 cxd5 6. Nf3 Nc6 7. O-O Be7 8.
Ba4 Bg4 9. h3 Bh5 10. g4 Nxg4 11. Nxe5 Ngxe5 12. Qxh5 O-O 13. f4 Bc5+ 14. Kh2
g6 15. Qe2 Nd7 16. c3 Nf6 17. Nd2 Re8 18. Qg2 Qc7 19. Nf3 Bd6 20. Nh4 Nh5 21.
Qf3 Re6 22. Nf5 Bf8 23. Bd2 Rae8 24. Bd1 Rf6 25. Ng3 Nxg3 26. Qxg3 Bd6 27. Kh1
Ne7 28. Bb3 Nf5 29. Qf3 Re2 30. Rf2 Rxd2 31. Rxd2 Bxf4 32. Rf2 Be3 33. Rg2 d4
34. Re1 Kg7 35. cxd4 Bxd4 36. Qg4 h5 37. Qg5 h4 38. Rc2 Ng3+ 39. Kg2 Qxc2+ 40.
Bxc2 Rf2+ 41. Kg1 Re2+ 0-1

[Event "15th European Individual Women's Chess "]
[Site "Plovdiv, Bulgaria"]
[Date "2014.07.12"]
[Round "7.58"]
[White "Shivacheva, Donika"]
[Black "Vasileva, Cveta"]
[Result "1-0"]
[WhiteElo "1790"]
[BlackElo "1598"]
[PlyCount "107"]
[EventDate "2014.07.06"]

1. e4 e6 2. Nf3 b6 3. d4 Bb7 4. Bd3 c5 5. c3 h6 6. Nbd2 Nf6 7. O-O cxd4 8. cxd4
Bb4 9. e5 Nd5 10. Ne4 Nc6 11. a3 Be7 12. b4 a6 13. Bc2 d6 14. Qe2 dxe5 15. dxe5
Qc7 16. Bb2 Nf4 17. Qe3 Ng6 18. Nd6+ Bxd6 19. exd6 Qxd6 20. Qxb6 Rb8 21. Rfd1
Qe7 22. Ba4 Rc8 23. Rac1 Qc7 24. Qc5 f6 25. Rd6 Nge7 26. Nd4 Kf7 27. Bxc6 Rhd8
28. Rxe6 Bxc6 29. Rxe7+ Qxe7 30. Nxc6 Qxc5 31. Nxd8+ Ke8 32. Rxc5 Rxd8 33. g3
Rd2 34. Bc3 Rd3 35. Kf1 Kd7 36. Ke2 Rd6 37. Ke3 g6 38. Rc4 Ke6 39. a4 f5 40. b5
axb5 41. axb5 g5 42. Rc6 Rxc6 43. bxc6 Kd6 44. Kd4 h5 45. Bd2 h4 46. Bxg5 hxg3
47. fxg3 Kxc6 48. Ke5 Kd7 49. Kxf5 Ke8 50. h4 Kf7 51. h5 Kg7 52. h6+ Kh7 53.
Bc1 Kg8 54. Kg6 1-0

[Event "15th European Individual Women's Chess "]
[Site "Plovdiv, Bulgaria"]
[Date "2014.07.14"]
[Round "8.3"]
[White "Kosintseva, Tatiana"]
[Black "Batsiashvili, Nino"]
[Result "1/2-1/2"]
[WhiteElo "2476"]
[BlackElo "2417"]
[PlyCount "201"]
[EventDate "2014.07.06"]

1. e4 e5 2. Nf3 Nc6 3. Bb5 Nge7 4. O-O g6 5. c3 a6 6. Ba4 Bg7 7. d4 exd4 8.
cxd4 b5 9. Bc2 d6 10. d5 Nb4 11. Bb3 a5 12. a3 Na6 13. Nc3 Bd7 14. Be3 O-O 15.
Qd2 Nc5 16. Bxc5 dxc5 17. Rac1 c4 18. Ba2 Nc8 19. Ne2 Re8 20. Ng3 c6 21. a4
cxd5 22. exd5 Nb6 23. axb5 Bxb5 24. Rfd1 Qf6 25. Nd4 Ba4 26. b3 cxb3 27. Nxb3
Re5 28. Rc5 Bf8 29. Rxa5 Nc4 30. Rxa8 Nxd2 31. Rxa4 Nxb3 32. Bxb3 Qb6 33. Bc4
Bc5 34. Ra2 h5 35. d6 Bxd6 36. Ra6 Qc5 37. Bxf7+ Kxf7 38. Raxd6 h4 39. Nf1 h3
40. gxh3 Re2 41. Rd7+ Ke8 42. Rd8+ Ke7 43. R1d7+ Kf6 44. Rd4 Re1 45. Kg2 Qc6+
46. R8d5 Ke6 47. Ne3 Kf7 48. Rc4 Qb7 49. Rcd4 Qc6 50. h4 Kg7 51. Ng4 Kf7 52.
Ne3 Kg7 53. Ng4 Kf7 54. Kh3 Ke7 55. Re5+ Rxe5 56. Nxe5 Qf6 57. f3 Qf5+ 58. Kg2
Qc2+ 59. Kg3 Ke6 60. Re4 Qc7 61. Kh3 Kf5 62. Ng4 Qc1 63. Ne3+ Kf6 64. Ng4+ Kf5
65. Kg2 Qa1 66. Re5+ Kf4 67. Re4+ Kf5 68. Nf2 Qb2 69. Kg3 Qb8+ 70. Kh3 Qb1 71.
Kg2 Qb2 72. Rg4 Qc2 73. Rg5+ Kf4 74. Rg4+ Kf5 75. Rd4 Qb2 76. Rc4 Qa2 77. Rb4
Qc2 78. Re4 Qb2 79. Kg3 Qb8+ 80. Kh3 Qb1 81. Kg2 Qb2 82. Re8 Kf4 83. Re6 Kf5
84. Re4 Qc2 85. Rg4 Qb2 86. Rg5+ Kf6 87. Kg3 Qb1 88. Ng4+ Ke6 89. Re5+ Kf7 90.
Re4 Qg1+ 91. Kf4 Qc1+ 92. Kg3 Qg1+ 93. Kf4 Qc1+ 94. Re3 Qc7+ 95. Ne5+ Kf6 96.
Kg3 Kf5 97. Re4 Qc1 98. Ng4 Qg1+ 99. Kh3 Qf1+ 100. Kg3 Qg1+ 101. Kh3 1/2-1/2

[Event "15th European Individual Women's Chess "]
[Site "Plovdiv, Bulgaria"]
[Date "2014.07.14"]
[Round "8.29"]
[White "Cosma, Elena-Luminita"]
[Black "Ionescu, Irina"]
[Result "1/2-1/2"]
[WhiteElo "2344"]
[BlackElo "2253"]
[PlyCount "133"]
[EventDate "2014.07.06"]

1. Nf3 d5 2. g3 c6 3. Bg2 Nf6 4. O-O Bf5 5. d3 Nbd7 6. Nbd2 e6 7. Qe1 h6 8. e4
dxe4 9. dxe4 Bh7 10. Qe2 e5 11. b3 Bc5 12. Bb2 Qe7 13. a3 a5 14. b4 Bb6 15. Nc4
Bc7 16. bxa5 Bxe4 17. Rfe1 Bxf3 18. Bxf3 O-O 19. Nxe5 Nxe5 20. Bxe5 Bxe5 21.
Qxe5 Qxe5 22. Rxe5 Nd7 23. Re3 Rxa5 24. Rb1 Nc5 25. Kg2 Rd8 26. Rb4 Rd2 27.
Re8+ Kh7 28. Rc4 Ne6 29. Be4+ f5 30. Bd3 Ng5 31. Rf4 Ne4 32. Rxf5 Rxf5 33. Bxe4
Rdxf2+ 34. Kh3 Kg6 35. Rb8 Kg5 36. Bxf5 Rxf5 37. Rxb7 g6 38. a4 Rc5 39. Rb2 Kf5
40. Ra2 Ra5 41. Ra3 c5 42. Kg2 Ke4 43. Kf2 c4 44. Ke2 g5 45. g4 Kd4 46. Kd2 c3+
47. Rxc3 Rxa4 48. Re3 Kd5 49. h3 Rf4 50. Kd3 Rd4+ 51. Kc3 Rf4 52. Kb3 Kd4 53.
Rd3+ Kc5 54. c3 Rf1 55. Re3 Kd5 56. Kc2 Rf2+ 57. Kd3 Rf4 58. Kc2 Rf2+ 59. Kb3
Rf1 60. Rd3+ Kc5 61. Rg3 Rf2 62. Re3 Kd5 63. Rd3+ Kc5 64. c4 Rh2 65. Rd5+ Kc6
66. Rd3 Kc5 67. Rd5+ 1/2-1/2

[Event "15th European Individual Women's Chess "]
[Site "Plovdiv, Bulgaria"]
[Date "2014.07.15"]
[Round "9.9"]
[White "Szczepkowska-Horowska, Karina"]
[Black "Skripchenko, Almira"]
[Result "1-0"]
[WhiteElo "2369"]
[BlackElo "2449"]
[PlyCount "55"]
[EventDate "2014.07.06"]

1. e4 d5 2. exd5 Qxd5 3. Nc3 Qa5 4. d4 Nf6 5. Bc4 Bg4 6. f3 Bf5 7. Nge2 Nbd7 8.
g4 Bg6 9. h4 h6 10. Nf4 Bh7 11. Bd2 c6 12. Qe2 Qd8 13. O-O-O Nb6 14. Bb3 Rc8
15. g5 Nfd5 16. g6 Bxg6 17. Ncxd5 cxd5 18. Nxg6 fxg6 19. Ba5 Kf7 20. Bxb6 axb6
21. h5 gxh5 22. f4 e6 23. f5 exf5 24. Qe5 Qf6 25. Bxd5+ Kg6 26. Rhg1+ Kh7 27.
Qxf6 gxf6 28. Be6 1-0

[Event "15th European Individual Women's Chess "]
[Site "Plovdiv, Bulgaria"]
[Date "2014.07.15"]
[Round "9.45"]
[White "Kaya, Emel"]
[Black "Tsolakidou, Stavroula"]
[Result "0-1"]
[WhiteElo "1987"]
[BlackElo "2157"]
[PlyCount "104"]
[EventDate "2014.07.06"]

1. e4 c5 2. Nf3 d6 3. Bb5+ Nd7 4. d4 Ngf6 5. Nc3 cxd4 6. Qxd4 e5 7. Qd3 h6 8.
Be3 Be7 9. O-O a6 10. Bc4 O-O 11. Nh4 d5 12. exd5 e4 13. Qe2 Ne5 14. Bf4 Nxc4
15. Qxc4 b5 16. Qd4 Ne8 17. g3 g5 18. d6 Bf6 19. Qxe4 Bh3 20. Rfd1 gxf4 21. d7
Nc7 22. Qxf4 Ne6 23. Qb4 Bxh4 24. gxh4 Kh8 25. Rd3 Rg8+ 26. Rg3 Qxd7 27. Rd1
Qc6 28. Qe4 Qxe4 29. Nxe4 Nf4 30. Rd2 Rgd8 31. Nd6 Rxd6 32. Rxd6 Ne2+ 33. Kh1
Nxg3+ 34. hxg3 Be6 35. a3 Kg7 36. Kg2 Kf6 37. f3 Ke7 38. Rd2 h5 39. Re2 Rc8 40.
c3 Rc5 41. Kf2 Kd6 42. f4 Bg4 43. Re8 Rc8 44. Re4 Kd5 45. Rd4+ Kc5 46. a4 Re8
47. axb5 Re2+ 48. Kf1 Kxb5 49. Rb4+ Kc5 50. Rb7 f5 51. Rb4 Rc2 52. Kg1 a5 0-1

[Event "15th European Individual Women's Chess "]
[Site "Plovdiv, Bulgaria"]
[Date "2014.07.16"]
[Round "10.18"]
[White "Milliet, Sophie"]
[Black "Dordzhieva, Dinara"]
[Result "1-0"]
[WhiteElo "2406"]
[BlackElo "2225"]
[PlyCount "37"]
[EventDate "2014.07.06"]

1. e4 c5 2. Nc3 a6 3. Nge2 d6 4. g3 b5 5. Bg2 Bb7 6. d4 cxd4 7. Nxd4 Nf6 8. O-O
e6 9. Re1 Qc7 10. a4 b4 11. Nd5 exd5 12. exd5+ Kd8 13. Bg5 Nbd7 14. c3 h6 15.
Bxf6+ Nxf6 16. cxb4 Nxd5 17. Qb3 Nxb4 18. Rac1 Qd7 19. Qxb4 1-0

[Event "15th European Individual Women's Chess "]
[Site "Plovdiv, Bulgaria"]
[Date "2014.07.16"]
[Round "10.49"]
[White "Blagojevic, Tijana"]
[Black "Sop, Selen"]
[Result "1-0"]
[WhiteElo "2154"]
[BlackElo "1970"]
[PlyCount "115"]
[EventDate "2014.07.06"]

1. e4 c5 2. Nf3 d6 3. Bb5+ Nc6 4. Bxc6+ bxc6 5. O-O Bg4 6. h3 Bh5 7. Re1 e5 8.
c3 Nf6 9. d4 cxd4 10. cxd4 Qc7 11. dxe5 dxe5 12. Nbd2 Rd8 13. Qb3 Bc5 14. Nh4
O-O 15. Nc4 Bg6 16. Nxg6 hxg6 17. Bd2 Rb8 18. Qc2 Bd4 19. Rac1 c5 20. b3 Qe7
21. Nb2 Rfc8 22. Bc3 Qe6 23. Qe2 Nh5 24. Rc2 Nf4 25. Qf3 Qa6 26. Nc4 Qe6 27.
Rec1 Rd8 28. Ba5 Rd7 29. Kh2 f6 30. Bd2 g5 31. Na5 g6 32. Be3 g4 33. Qxg4 Qxg4
34. hxg4 Bxe3 35. fxe3 Ne6 36. Rf1 Kg7 37. Rfc1 Rbd8 38. g5 Nxg5 39. Rxc5 Rh8+
40. Kg1 Nxe4 41. Rc7 Rhd8 42. Nb7 Kh6 43. Nxd8 Rxd8 44. Rxa7 Kg5 45. Rh7 Rd2
46. a4 Kg4 47. Rc4 f5 48. a5 Kg5 49. Rxe4 fxe4 50. a6 Ra2 51. a7 Kg4 52. Kh2 g5
53. b4 Kf5 54. b5 Ra3 55. b6 g4 56. Rh8 Rxe3 57. a8=Q g3+ 58. Kh3 1-0

[Event "15th European Individual Women's Chess "]
[Site "Plovdiv, Bulgaria"]
[Date "2014.07.17"]
[Round "11.12"]
[White "Savina, Anastasia"]
[Black "Goryachkina, Aleksandra"]
[Result "1/2-1/2"]
[WhiteElo "2383"]
[BlackElo "2434"]
[PlyCount "104"]
[EventDate "2014.07.06"]

1. d4 Nf6 2. c4 e6 3. Nc3 Bb4 4. e3 O-O 5. Bd3 b6 6. Nge2 Bb7 7. a3 Be7 8. e4
c5 9. e5 Ne8 10. Qc2 cxd4 11. Bxh7+ Kh8 12. Be4 d5 13. exd6 Nxd6 14. Bxb7 Nxb7
15. Qe4 dxc3 16. Qxb7 Nd7 17. Nxc3 Nc5 18. Qf3 Qd4 19. O-O Qxc4 20. Be3 Kg8 21.
Bxc5 Bxc5 22. Ne4 Bd4 23. b3 Qd5 24. Rad1 Rfd8 25. Rd2 f5 26. Ng5 Qxf3 27. Nxf3
Bf6 28. Rfd1 Rxd2 29. Rxd2 Rc8 30. h4 Rc1+ 31. Kh2 Rc3 32. Rd7 a5 33. Ng5 Rxb3
34. f4 e5 35. Rb7 Bxg5 36. hxg5 exf4 37. g6 Kf8 38. Rf7+ Ke8 39. Rxg7 Kf8 40.
Rf7+ Kg8 41. a4 Rb4 42. Rb7 Rxa4 43. Kh3 f3 44. gxf3 Rb4 45. Kg3 a4 46. f4 a3
47. Ra7 Rb5 48. Rxa3 Kg7 49. Kh4 Kxg6 50. Rd3 Kf6 51. Rd6+ Ke7 52. Rh6 Rb1
1/2-1/2

[Event "15th European Individual Women's Chess "]
[Site "Plovdiv, Bulgaria"]
[Date "2014.07.17"]
[Round "11.28"]
[White "Shadrina, Tatiana"]
[Black "Agrest, Inna"]
[Result "1-0"]
[WhiteElo "2348"]
[BlackElo "2223"]
[PlyCount "163"]
[EventDate "2014.07.06"]

1. e4 e5 2. Nf3 Nc6 3. Bb5 a6 4. Ba4 Nf6 5. O-O Bc5 6. c3 b5 7. Bc2 d5 8. exd5
Qxd5 9. d4 exd4 10. Re1+ Be7 11. cxd4 Bg4 12. Nc3 Qh5 13. d5 Bxf3 14. gxf3 Ne5
15. Kg2 O-O 16. f4 Nfg4 17. h3 Qh4 18. hxg4 Nxg4 19. Qf3 Qh2+ 20. Kf1 Bc5 21.
Re2 Qh4 22. Qg2 Rae8 23. Ne4 Nh2+ 24. Kg1 f5 25. Qxh2 Qg4+ 26. Kf1 fxe4 27.
Bxe4 Rxe4 28. Rxe4 Qd1+ 29. Re1 Qd3+ 30. Kg1 Rf6 31. f5 Qxf5 32. Be3 Rg6+ 33.
Kf1 Qd3+ 34. Re2 Bxe3 35. fxe3 Rh6 36. Qg2 Rg6 37. Qh3 h6 38. Rae1 Rg5 39. Qe6+
Kh7 40. Kf2 Rg6 41. Qe5 Rg5 42. Qxc7 Qe4 43. Qh2 Qxd5 44. e4 Qf7+ 45. Ke3 Qxa2
46. Rg1 Qb3+ 47. Kf2 Qf7+ 48. Ke1 Rc5 49. Rc2 Rc4 50. Rxc4 Qxc4 51. Qe2 Qc1+
52. Kf2 Qf4+ 53. Qf3 Qd2+ 54. Kg3 Qxb2 55. Qf5+ Kh8 56. Rf1 Qc3+ 57. Kg2 b4 58.
e5 Qd2+ 59. Kh3 Qe3+ 60. Rf3 Qc1 61. e6 Qh1+ 62. Kg3 Qg1+ 63. Kf4 Qc1+ 64. Re3
Qf1+ 65. Kg4 Qg1+ 66. Rg3 Qd1+ 67. Qf3 Qd4+ 68. Kh3 Qe5 69. Qf7 Qa1 70. Qe8+
Kh7 71. Qg6+ Kh8 72. Qe4 Qf1+ 73. Kh2 Qf2+ 74. Rg2 Qc5 75. e7 Qh5+ 76. Kg1 Qd1+
77. Kf2 Qd2+ 78. Kf3 Qd1+ 79. Kg3 Qd6+ 80. Kh3 Qd7+ 81. Kh4 Qe8 82. Qe5 1-0